000 00331 a2200157 4500
001 160418
020 _a
040 _cMagnum
100 _aBauer, Carlos
240 1 0 _aA amiguinha que eu encontrei
_lpor
245 1 0 _aA amiguinha que eu encontrei
362 0 _a1899
440 1 _aPaulinas
697 _aI/GERAL
942 _cBK
999 _c160418
_d160418